Loading...

Nanophysics and nanotechnology : an introduction to modern concepts in nanoscience /

Bibliographic Details
Main Author: Wolf, E. L.
Format: Printed Book
Published: Weinheim : Wiley-VCH, c2006.
Edition:2nd, updated and enl. ed.
Series:Physics textbook
Subjects:
Online Access:http://www.loc.gov/catdir/enhancements/fy0666/2006436559-b.html
http://www.loc.gov/catdir/enhancements/fy0666/2006436559-d.html
http://www.loc.gov/catdir/enhancements/fy0666/2006436559-t.html
LEADER 00919cam a22002294a 4500
999 |c 215753  |d 215753 
020 |a 3527406514 
082 0 0 |a 620/.5 
100 1 |a Wolf, E. L. 
245 1 0 |a Nanophysics and nanotechnology :  |b an introduction to modern concepts in nanoscience /  |c Edward L. Wolf. 
250 |a 2nd, updated and enl. ed. 
260 |a Weinheim :  |b Wiley-VCH,  |c c2006. 
300 |a xv, 292 p. :  |b ill. ; 
490 0 |a Physics textbook 
504 |a Includes bibliographical references and index. 
650 0 |a Nanoscience. 
650 0 |a Nanotechnology. 
856 4 2 |u http://www.loc.gov/catdir/enhancements/fy0666/2006436559-b.html 
856 4 2 |u http://www.loc.gov/catdir/enhancements/fy0666/2006436559-d.html 
856 4 1 |u http://www.loc.gov/catdir/enhancements/fy0666/2006436559-t.html 
942 |c BK 
952 |0 0  |1 0  |4 0  |6 620_500000000000000_WOL_N  |7 0  |9 229692  |a DOP  |b DOP  |d 2019-12-09  |o 620.5 WOL/N  |p DOP1836  |w 2019-12-09  |y BK